[Event "TUR Cup"]
[Site "Adapazari"]
[Date "2022.03.30"]
[Round "9"]
[White "Gulden, Egemen"]
[Black "Ibik, Halit Yavuz"]
[Result "1/2-1/2"]
[WhiteElo "2094"]
[BlackElo "1990"]
[PlyCount "101"]
[EventDate "2022.03.25"]
[EventType "swiss"]
[EventRounds "11"]
[EventCountry "TUR"]
[SourceTitle "EXT 2023"]
[Source "ChessBase"]
[SourceDate "2022.10.05"]
[SourceVersion "1"]
[SourceVersionDate "2022.10.05"]
[SourceQuality "1"]

1. b4 e5 2. Bb2 Bxb4 3. Bxe5 Nf6 4. c3 Be7 5. g3 Nc6 6. Bxf6 Bxf6 7. Bg2 d5 8. e3 b6 9. Ne2 0-0 10. 0-0 Ne7 11. d4 c6 12. a4 a5 13. Nd2 Ba6 14. Re1 Qc7 15. Qb3 g6 16. c4 Rfd8 17. Nc3 dxc4 18. Nxc4 Rab8 19. Rec1 Bg7 20. Rab1 Bc8 21. d5 cxd5 22. Nxb6 Be6 23. Ncxd5 Qa7 24. Nxe7+ Qxe7 25. Qb5 Ba2 26. Qxa5 Bxb1 27. Rxb1 Rd6 28. Qa6 Qd8 29. a5 Bc3 30. h4 Bxa5 31. Qxa5 Rdxb6 32. Rxb6 Rxb6 33. Qa2 Qd1+ 34. Kh2 Rd6 35. Qa8+ Kg7 36. Qe4 Qa1 37. g4 Qb2 38. Kg3 Re6 39. Qd4+ Qxd4 40. exd4 Rd6 41. d5 Kf6 42. Kf4 h6 43. g5+ hxg5+ 44. hxg5+ Ke7 45. Be4 Rb6 46. Ke5 Rd6 47. f4 Rb6 48. Bc2 Rd6 49. Ba4 Rd8 50. Bb5 Rd6 51. Bd3 1/2-1/2

[Event "TUR Cup"]
[Site "Adapazari"]
[Date "2022.03.29"]
[Round "7"]
[White "Gulden, Egemen"]
[Black "Tahaoglu, Erkin"]
[Result "0-1"]
[WhiteElo "2094"]
[BlackElo "1694"]
[PlyCount "105"]
[EventDate "2022.03.25"]
[EventType "swiss"]
[EventRounds "11"]
[EventCountry "TUR"]
[SourceTitle "EXT 2023"]
[Source "ChessBase"]
[SourceDate "2022.10.05"]
[SourceVersion "1"]
[SourceVersionDate "2022.10.05"]
[SourceQuality "1"]

1. Nf3 d5 2. d3 c5 3. g3 Nc6 4. Bg2 Nf6 5. 0-0 e5 6. Bg5 Be7 7. Nfd2 Ng8 8. Bxe7 Ngxe7 9. c4 dxc4 10. Nxc4 0-0 11. Nc3 Be6 12. b3 Rc8 13. Ne4 b6 14. Ng5 Bd5 15. Nf3 Ng6 16. h4 Nd4 17. h5 Nxf3+ 18. Bxf3 Bxf3 19. exf3 Ne7 20. Nxe5 Qd5 21. Qe2 Nc6 22. Nxc6 Rxc6 23. Qe4 Rd6 24. Qg4 Rfd8 25. Rad1 Qd4 26. Qxd4 Rxd4 27. Rfe1 Kf8 28. Re3 a5 29. Kf1 a4 30. Ke2 axb3 31. axb3 Rb4 32. Rb1 Ra8 33. Re4 Rb5 34. Kd1 Ra3 35. Kc2 Ra2+ 36. Rb2 Ra1 37. Kc3 Rc1+ 38. Kd2 Rf1 39. Ke3 f5 40. Ra4 Re1+ 41. Kd2 Rh1 42. g4 Kf7 43. Rf4 g6 44. hxg6+ hxg6 45. Rc4 Ke6 46. d4 cxd4 47. Rxd4 Rd5 48. Rxd5 Kxd5 49. Ke3 b5 50. Rc2 fxg4 51. fxg4 Rb1 52. Rc3 g5 53. f3 0-1

[Event "TUR Cup"]
[Site "Adapazari"]
[Date "2022.03.28"]
[Round "5"]
[White "Gulden, Egemen"]
[Black "Ozsakallioglu, Okan"]
[Result "1/2-1/2"]
[WhiteElo "2094"]
[BlackElo "2270"]
[PlyCount "84"]
[EventDate "2022.03.25"]
[EventType "swiss"]
[EventRounds "11"]
[EventCountry "TUR"]
[SourceTitle "EXT 2023"]
[Source "ChessBase"]
[SourceDate "2022.10.05"]
[SourceVersion "1"]
[SourceVersionDate "2022.10.05"]
[SourceQuality "1"]

1. Nf3 d5 2. d3 Nf6 3. Nbd2 c5 4. e4 Nc6 5. c3 e6 6. Be2 Be7 7. 0-0 Qc7 8. Qc2 0-0 9. a3 a5 10. a4 b6 11. Re1 Ba6 12. Nf1 Rfe8 13. Ng3 Bd6 14. Bg5 Nd7 15. Bf1 Nde5 16. Nxe5 Bxe5 17. Qc1 dxe4 18. dxe4 Bxg3 19. hxg3 Bxf1 20. Rxf1 f6 21. Bf4 Qf7 22. Qc2 g5 23. Be3 Ne5 24. f3 Rad8 25. Rfd1 g4 26. f4 Nc4 27. Qe2 Nxe3 28. Qxe3 Kg7 29. Qe2 h5 30. Rxd8 Rxd8 31. Rd1 Qc7 32. Rd3 Kf7 33. b3 Ke7 34. Rxd8 Qxd8 35. Kf2 Qd6 36. Ke3 Qc6 37. Qa6 f5 38. Qa7+ Kf6 39. e5+ Kg6 40. Qe7 Qe4+ 41. Kf2 Qc2+ 42. Kg1 Qxb3 1/2-1/2

[Event "TUR Cup"]
[Site "Adapazari"]
[Date "2022.03.28"]
[Round "6"]
[White "Sevgi, Volkan"]
[Black "Gulden, Egemen"]
[Result "1-0"]
[WhiteElo "2311"]
[BlackElo "2094"]
[PlyCount "67"]
[EventDate "2022.03.25"]
[EventType "swiss"]
[EventRounds "11"]
[EventCountry "TUR"]
[SourceTitle "EXT 2023"]
[Source "ChessBase"]
[SourceDate "2022.10.05"]
[SourceVersion "1"]
[SourceVersionDate "2022.10.05"]
[SourceQuality "1"]

1. e4 d6 2. Nc3 e5 3. g3 Nd7 4. Bg2 Ngf6 5. Nge2 c6 6. a4 a5 7. 0-0 Be7 8. d4 Qc7 9. h3 Nb6 10. f4 Nfd7 11. b3 0-0 12. Be3 f6 13. g4 Re8 14. Qe1 Nf8 15. Qf2 exf4 16. Nxf4 Ng6 17. d5 Nd7 18. Ne6 Qb8 19. g5 Nde5 20. Nxg7 Kxg7 21. gxf6+ Bxf6 22. Qxf6+ Kg8 23. Bh6 Qc7 24. Rad1 Ra7 25. dxc6 bxc6 26. Rxd6 Qb6+ 27. Kh1 Rf7 28. Nd5 Qc5 29. Rd8 Rxf6 30. Nxf6+ Kf7 31. Nxe8+ Nf3 32. Rxf3+ Ke7 33. Rxc8 Nh4 34. Bf8+ 1-0

[Event "TUR Cup"]
[Site "Adapazari"]
[Date "2022.03.27"]
[Round "4"]
[White "Guseynov, Alihan"]
[Black "Gulden, Egemen"]
[Result "0-1"]
[WhiteElo "2311"]
[BlackElo "2094"]
[PlyCount "96"]
[EventDate "2022.03.25"]
[EventType "swiss"]
[EventRounds "11"]
[EventCountry "TUR"]
[SourceTitle "EXT 2023"]
[Source "ChessBase"]
[SourceDate "2022.10.05"]
[SourceVersion "1"]
[SourceVersionDate "2022.10.05"]
[SourceQuality "1"]

1. c4 d6 2. d4 e5 3. Nc3 Nf6 4. Nf3 Nbd7 5. g3 c6 6. Bg2 Be7 7. 0-0 0-0 8. Qc2 Qc7 9. e4 a6 10. a4 a5 11. h3 Nb8 12. c5 dxc5 13. dxe5 Ne8 14. Bf4 Be6 15. Ng5 Bxg5 16. Bxg5 Qxe5 17. Bf4 Qf6 18. e5 Qe7 19. Ne4 Na6 20. Bg5 Qc7 21. f4 c4 22. f5 Bd5 23. Qc3 Nb4 24. f6 g6 25. Rad1 Nd3 26. Rxd3 cxd3 27. Bh6 Qb6+ 28. Nc5 Nc7 29. Bxf8 Rxf8 30. Rf2 Bxg2 31. Kxg2 Nd5 32. Qc1 d2 33. Rxd2 Re8 34. e6 Qb4 35. Rf2 Qd4 36. Kg1 Nxf6 37. Kf1 b6 38. Nd7 Rxe6 39. Nxf6+ Rxf6 40. Rxf6 Qxf6+ 41. Kg2 Qd6 42. Qe3 Qd5+ 43. Kh2 Qc5 44. Qd2 b5 45. Qxa5 Qc2+ 46. Kh1 Qc1+ 47. Kg2 Qxb2+ 48. Kf1 Qa1+ 0-1

[Event "TUR-chT Clubs"]
[Site "Konya"]
[Date "2019.07.21"]
[Round "9.3"]
[White "Gulden, Egemen"]
[Black "Ince, Eray"]
[Result "1-0"]
[WhiteElo "2135"]
[BlackElo "1459"]
[PlyCount "103"]
[EventDate "2019.07.16"]
[EventType "team-swiss"]
[EventRounds "9"]
[EventCountry "TUR"]
[SourceTitle "CBM 191 Extra"]
[Source "ChessBase"]
[SourceDate "2019.09.30"]
[SourceVersion "1"]
[SourceVersionDate "2019.09.30"]
[SourceQuality "1"]
[WhiteTeam "Krater Genclik"]
[BlackTeam "Deniz Genclik"]
[WhiteTeamCountry "TUR"]
[BlackTeamCountry "TUR"]

1. e4 g6 2. Nc3 Bg7 3. g3 d6 4. Bg2 Nc6 5. d3 e5 6. Be3 Nge7 7. Nh3 0-0 8. 0-0 f5 9. f4 h6 10. Qd2 Kh7 11. Nf2 Bd7 12. Rab1 Nd4 13. Ncd1 Bc6 14. c3 Ne6 15. Nh3 Qd7 16. Ndf2 Rad8 17. Rbd1 Qc8 18. Qc2 b6 19. b4 Qa8 20. a4 d5 21. b5 Bb7 22. fxe5 dxe4 23. d4 Nd5 24. Qc1 Nxe3 25. Qxe3 g5 26. g4 fxg4 27. Nxg4 c5 28. bxc6 Bxc6 29. Rxf8 Nxf8 30. d5 Rxd5 31. Qxe4+ Ng6 32. Rxd5 Bxd5 33. Qxd5 Qxd5 34. Bxd5 Nxe5 35. Nxe5 Bxe5 36. c4 a5 37. Be4+ Kg7 38. Kg2 Kf6 39. Nf2 Ke7 40. Nd3 Bd4 41. Kf3 Kf7 42. Kg4 Kf8 43. Kh5 Kg7 44. h3 Be3 45. Ne5 Bf4 46. Ng4 Kf7 47. Kxh6 Ke7 48. Bc6 Kd6 49. Bb5 Ke6 50. Kg6 Bd2 51. Nf6 Ke5 52. Nd7+ 1-0

[Event "TUR-chT Clubs"]
[Site "Konya"]
[Date "2019.07.20"]
[Round "8.5"]
[White "Kara, Ali Barkin"]
[Black "Gulden, Egemen"]
[Result "0-1"]
[WhiteElo "1749"]
[BlackElo "2135"]
[PlyCount "100"]
[EventDate "2019.07.16"]
[EventType "team-swiss"]
[EventRounds "9"]
[EventCountry "TUR"]
[SourceTitle "CBM 191 Extra"]
[Source "ChessBase"]
[SourceDate "2019.09.30"]
[SourceVersion "1"]
[SourceVersionDate "2019.09.30"]
[SourceQuality "1"]
[WhiteTeam "Goztepe Dernegi"]
[BlackTeam "Krater Genclik"]
[WhiteTeamCountry "TUR"]
[BlackTeamCountry "TUR"]

1. e4 c5 2. Nf3 d6 3. Bb5+ Bd7 4. Bxd7+ Qxd7 5. c4 Qg4 6. 0-0 Qxe4 7. d4 Qc6 8. d5 Qd7 9. Re1 h6 10. Nc3 g6 11. Bf4 Bg7 12. Nb5 Kf8 13. Qe2 Bf6 14. Rad1 Na6 15. a3 Kg7 16. Rd3 Nc7 17. Nc3 h5 18. Ne4 Rd8 19. h3 Qf5 20. Bd2 Qc8 21. b4 b6 22. Nxf6 exf6 23. Bc3 h4 24. Qb2 Rh5 25. Re4 g5 26. bxc5 dxc5 27. Nd2 Ne8 28. Rf3 Rh6 29. Rg4 Rg6 30. Re4 Nd6 31. Re1 Re8 32. Rfe3 Rxe3 33. Rxe3 Qd7 34. Qb3 Kh7 35. Qd1 g4 36. Kh1 f5 37. Be5 Nh6 38. Bf4 Ng8 39. Qe2 a6 40. Nb3 Ne4 41. Nd2 Ngf6 42. Be5 Nxd2 43. Qxd2 Ne4 44. Qc2 b5 45. hxg4 Rxg4 46. f3 Ng3+ 47. Bxg3 Rxc4 48. Qf2 hxg3 49. Qxg3 Qd8 50. Qh3+ Rh4 0-1

[Event "TUR-chT Clubs"]
[Site "Konya"]
[Date "2019.07.17"]
[Round "2.1"]
[White "Sariali, Furkan Anil"]
[Black "Gulden, Egemen"]
[Result "0-1"]
[WhiteElo "1733"]
[BlackElo "2135"]
[PlyCount "78"]
[EventDate "2019.07.16"]
[EventType "team-swiss"]
[EventRounds "9"]
[EventCountry "TUR"]
[SourceTitle "CBM 191 Extra"]
[Source "ChessBase"]
[SourceDate "2019.09.30"]
[SourceVersion "1"]
[SourceVersionDate "2019.09.30"]
[SourceQuality "1"]
[WhiteTeam "Trabzon Feda"]
[BlackTeam "Krater Genclik"]
[WhiteTeamCountry "TUR"]
[BlackTeamCountry "TUR"]

1. Nf3 g6 2. g3 Bg7 3. Bg2 e5 4. d3 Nc6 5. 0-0 Nge7 6. c4 d6 7. Nc3 h6 8. Rb1 f5 9. b4 e4 10. Nxe4 fxe4 11. dxe4 0-0 12. b5 Ne5 13. Nxe5 dxe5 14. Ba3 Qe8 15. f4 Be6 16. Qc2 Rf7 17. f5 gxf5 18. Bxe7 Qxe7 19. exf5 Qc5+ 20. Kh1 Qxc4 21. Qd2 Rd7 22. Qe3 Bd5 23. f6 Bxg2+ 24. Kxg2 Qd5+ 25. Kg1 Bf8 26. Qf2 Bc5 27. e3 Rf8 28. Rbd1 Qe4 29. Rde1 Rdf7 30. Qd2 Rxf6 31. Rxf6 Rxf6 32. Qc1 Bb6 33. Qd2 c6 34. bxc6 Rxc6 35. Re2 Rf6 36. Qc1 Qc6 37. Qd1 Qf3 38. Qe1 e4 39. a4 h5 0-1

[Event "Ankara Baskent Univ op 4th"]
[Site "Ankara"]
[Date "2019.06.22"]
[Round "9"]
[White "Darban Vaighani, Morteza"]
[Black "Gulden, Egemen"]
[Result "1-0"]
[WhiteElo "2264"]
[BlackElo "2120"]
[PlyCount "75"]
[EventDate "2019.06.17"]
[EventType "swiss"]
[EventRounds "9"]
[EventCountry "TUR"]
[SourceTitle "CBM 191 Extra"]
[Source "ChessBase"]
[SourceDate "2019.09.30"]
[SourceVersion "1"]
[SourceVersionDate "2019.09.30"]
[SourceQuality "1"]

1. c4 e5 2. Nc3 Nc6 3. g3 g6 4. Bg2 Bg7 5. e3 d6 6. Nge2 Be6 7. Nd5 Nh6 8. 0-0 0-0 9. d3 Qd7 10. Nec3 Nd8 11. Ne4 f6 12. b3 c6 13. Ndc3 Ndf7 14. Bb2 f5 15. Nd2 g5 16. Rb1 Nh8 17. d4 exd4 18. exd4 Bxd4 19. Nde4 Bxc3 20. Nxc3 Ng6 21. Qh5 Nf7 22. Nd5 Bxd5 23. cxd5 Rfe8 24. f4 c5 25. fxg5 Nfe5 26. Bh3 Rf8 27. Qe2 Rae8 28. Qc2 Qf7 29. Rbd1 Qe7 30. Rxf5 Rxf5 31. Qxf5 Rf8 32. Qe6+ Kg7 33. Qxe7+ Nxe7 34. Bxe5+ dxe5 35. Bg2 Nf5 36. d6 Ne3 37. Rd3 Nxg2 38. Kxg2 1-0

[Event "Ankara Baskent Univ op 4th"]
[Site "Ankara"]
[Date "2019.06.21"]
[Round "7"]
[White "Babayev, Talib"]
[Black "Gulden, Egemen"]
[Result "0-1"]
[WhiteElo "2290"]
[BlackElo "2120"]
[PlyCount "42"]
[EventDate "2019.06.17"]
[EventType "swiss"]
[EventRounds "9"]
[EventCountry "TUR"]
[SourceTitle "CBM 191 Extra"]
[Source "ChessBase"]
[SourceDate "2019.09.30"]
[SourceVersion "1"]
[SourceVersionDate "2019.09.30"]
[SourceQuality "1"]

1. e4 c5 2. Nc3 e6 3. d4 cxd4 4. Qxd4 Nc6 5. Qd3 d6 6. b3 Nf6 7. Bb2 Be7 8. 0-0-0 0-0 9. f4 a6 10. Nf3 Qa5 11. Kb1 d5 12. exd5 Nb4 13. Qd2 Nbxd5 14. Nxd5 Qxd5 15. Bd3 b5 16. Qe1 Qc5 17. Bxf6 Bxf6 18. Qe4 g6 19. Qxa8 Bc3 20. Bxg6 Qa3 21. Bxf7+ Kh8 0-1

[Event "Wch U20 57th"]
[Site "Manavgat"]
[Date "2018.09.14"]
[Round "10"]
[White "Sevgi, Volkan"]
[Black "Gulden, Egemen"]
[Result "1-0"]
[WhiteElo "2323"]
[BlackElo "2068"]
[PlyCount "83"]
[EventDate "2018.09.05"]
[EventType "swiss"]
[EventRounds "11"]
[EventCountry "TUR"]
[SourceTitle "CBM 186 Extra"]
[Source "ChessBase"]
[SourceDate "2018.08.24"]
[SourceVersion "1"]
[SourceVersionDate "2018.08.24"]
[SourceQuality "1"]

1. e4 c5 2. Nc3 e6 3. Nf3 a6 4. g3 b5 5. d4 cxd4 6. Nxd4 Qb6 7. Nb3 Bb7 8. Be3 Qc7 9. Bg2 Nf6 10. 0-0 d6 11. a3 Nbd7 12. f4 Be7 13. Qe2 Rc8 14. Rad1 Ba8 15. h3 h5 16. Qf2 Rb8 17. Rfe1 Nb6 18. Bxb6 Rxb6 19. e5 Nd5 20. Bxd5 Bxd5 21. Rxd5 h4 22. g4 0-0 23. Rd3 dxe5 24. fxe5 a5 25. Red1 Rb7 26. Rd7 Qxd7 27. Rxd7 Rxd7 28. Nxb5 Rd5 29. Qe2 Rfd8 30. Nc3 R5d7 31. Qa6 a4 32. Qxa4 f6 33. Qc4 fxe5 34. Qxe6+ Kh8 35. Qxe5 Bf6 36. Qh5+ Kg8 37. g5 Bxc3 38. bxc3 Rd1+ 39. Kg2 Re1 40. Nd4 Rf8 41. g6 Rf4 42. Qd5+ 1-0

[Event "Wch U20 57th"]
[Site "Manavgat"]
[Date "2018.09.12"]
[Round "8"]
[White "Dedebas, Emre Emin"]
[Black "Gulden, Egemen"]
[Result "1/2-1/2"]
[WhiteElo "2334"]
[BlackElo "2068"]
[PlyCount "60"]
[EventDate "2018.09.05"]
[EventType "swiss"]
[EventRounds "11"]
[EventCountry "TUR"]
[SourceTitle "CBM 186 Extra"]
[Source "ChessBase"]
[SourceDate "2018.08.24"]
[SourceVersion "1"]
[SourceVersionDate "2018.08.24"]
[SourceQuality "1"]

1. d4 Nf6 2. c4 g6 3. Nc3 Bg7 4. e4 d6 5. Be2 0-0 6. Be3 c5 7. d5 e6 8. Nf3 exd5 9. cxd5 Bg4 10. Nd2 Bxe2 11. Qxe2 Nfd7 12. 0-0 Na6 13. Nc4 Nb6 14. Bf4 Nxc4 15. Qxc4 Nc7 16. Rad1 Qd7 17. a4 a6 18. Qd3 b5 19. Qg3 Rfd8 20. e5 dxe5 21. Bxe5 Ne8 22. Ne4 Qe7 23. Bxg7 Qxe4 24. Bc3 Rxd5 25. Rde1 Qf5 26. Re3 b4 27. Rfe1 bxc3 28. Rxe8+ Rxe8 29. Rxe8+ Kg7 30. Qxc3+ Qf6 1/2-1/2

[Event "Wch U20 57th"]
[Site "Manavgat"]
[Date "2018.09.11"]
[Round "7"]
[White "Gulden, Egemen"]
[Black "Yilmaz, Goktan"]
[Result "0-1"]
[WhiteElo "2068"]
[BlackElo "2237"]
[PlyCount "104"]
[EventDate "2018.09.05"]
[EventType "swiss"]
[EventRounds "11"]
[EventCountry "TUR"]
[SourceTitle "CBM 186 Extra"]
[Source "ChessBase"]
[SourceDate "2018.08.24"]
[SourceVersion "1"]
[SourceVersionDate "2018.08.24"]
[SourceQuality "1"]

1. e4 c5 2. Nc3 d6 3. g3 Nc6 4. Bg2 g6 5. d3 Bg7 6. Be3 Rb8 7. f4 e6 8. Qd2 Nge7 9. Nh3 b5 10. 0-0 b4 11. Nd1 0-0 12. c3 bxc3 13. bxc3 Qa5 14. Rc1 Rd8 15. f5 exf5 16. Bh6 Ne5 17. Bxg7 Kxg7 18. Ne3 fxe4 19. dxe4 Be6 20. Qf2 Ng8 21. Nf5+ gxf5 22. exf5 Bc4 23. f6+ Kf8 24. Rfe1 Qxa2 25. Rc2 Qa4 26. Rd2 Nd3 27. Ng5 Nxe1 28. Nxh7+ Ke8 29. Qxe1+ Kd7 30. Qe4 Re8 31. Qf4 Rb1+ 32. Kf2 Rb6 33. Ng5 Qb5 34. Ne4 Rxe4 35. Bxe4 Be6 36. Qg5 Qc4 37. Bh7 Qxc3 38. Bxg8 Rb2 39. Rxb2 Qxb2+ 40. Kg1 Qd4+ 41. Kg2 Qd5+ 42. Qxd5 Bxd5+ 43. Kf2 a5 44. Ke3 a4 45. Kd2 a3 46. Kc3 a2 47. Kb2 Ke6 48. Bh7 Kxf6 49. h4 Bb3 50. g4 c4 51. g5+ Kg7 52. Be4 c3+ 0-1

[Event "Wch U20 57th"]
[Site "Manavgat"]
[Date "2018.09.07"]
[Round "3"]
[White "Galperin, Platon"]
[Black "Gulden, Egemen"]
[Result "1/2-1/2"]
[WhiteElo "2348"]
[BlackElo "2068"]
[PlyCount "63"]
[EventDate "2018.09.05"]
[EventType "swiss"]
[EventRounds "11"]
[EventCountry "TUR"]
[SourceTitle "CBM 186 Extra"]
[Source "ChessBase"]
[SourceDate "2018.08.24"]
[SourceVersion "1"]
[SourceVersionDate "2018.08.24"]
[SourceQuality "1"]

1. d4 Nf6 2. c4 e6 3. Nf3 b6 4. g3 Ba6 5. b3 Bb4+ 6. Bd2 Be7 7. Bg2 c6 8. Bc3 d5 9. Ne5 Ne4 10. Bxe4 dxe4 11. Nd2 f6 12. Ng4 Bb7 13. c5 f5 14. Ne3 bxc5 15. dxc5 Bxc5 16. Bxg7 Rg8 17. Bc3 Bxe3 18. fxe3 Ba6 19. Qc2 Nd7 20. Bb2 Qc7 21. Nc4 Bxc4 22. Qxc4 Rg6 23. 0-0-0 h5 24. Rd2 Nb6 25. Qc3 Rh6 26. Rhd1 Nd5 27. Rxd5 exd5 28. Rxd5 Rd8 29. Re5+ Kd7 30. Re7+ Kxe7 31. Qg7+ Kd6 32. Be5+ 1/2-1/2

[Event "Wch U20 57th"]
[Site "Manavgat"]
[Date "2018.09.06"]
[Round "2"]
[White "Gulden, Egemen"]
[Black "Sindarov, Javokhir"]
[Result "0-1"]
[WhiteElo "2068"]
[BlackElo "2484"]
[PlyCount "74"]
[EventDate "2018.09.05"]
[EventType "swiss"]
[EventRounds "11"]
[EventCountry "TUR"]
[SourceTitle "CBM 186 Extra"]
[Source "ChessBase"]
[SourceDate "2018.08.24"]
[SourceVersion "1"]
[SourceVersionDate "2018.08.24"]
[SourceQuality "1"]

1. e4 c5 2. Nc3 Nc6 3. g3 g6 4. Bg2 Bg7 5. d3 d6 6. Be3 Nf6 7. h3 0-0 8. Nge2 Rb8 9. 0-0 b5 10. Qd2 b4 11. Nd1 Ba6 12. f4 Nd7 13. g4 Qa5 14. Rf2 Rfc8 15. f5 c4 16. fxg6 fxg6 17. Bh6 cxd3 18. cxd3 Bxh6 19. Qxh6 Nde5 20. d4 Nd3 21. Nf4 Nxf4 22. Qxf4 Rf8 23. Qe3 Qb6 24. Rd2 Rbc8 25. e5 dxe5 26. Bd5+ Kh8 27. Bxc6 Rf1+ 28. Kh2 Qxc6 29. Qxe5+ Kg8 30. d5 Qb6 31. Kg3 Rcf8 32. d6 Qg1+ 33. Kh4 Re1 34. Ne3 Qxe3 35. Rxe1 Qh6+ 36. Kg3 Qxd2 37. Qe6+ Rf7 0-1

[Event "Ankara Baskent Univ op-A 3rd"]
[Site "Ankara"]
[Date "2018.08.29"]
[Round "5"]
[White "Gulden, Egemen"]
[Black "Gulbeyaz, Emir"]
[Result "0-1"]
[WhiteElo "2003"]
[BlackElo "2208"]
[PlyCount "56"]
[EventDate "2018.08.27"]
[EventType "swiss"]
[EventRounds "9"]
[EventCountry "TUR"]
[SourceTitle "CBM 187 Extra"]
[Source "ChessBase"]
[SourceDate "2018.11.04"]
[SourceVersion "1"]
[SourceVersionDate "2018.11.04"]
[SourceQuality "1"]

1. e4 c5 2. Nc3 b6 3. g3 Bb7 4. Bg2 g6 5. Nge2 Bg7 6. d4 d6 7. 0-0 cxd4 8. Nxd4 Na6 9. a4 Nc5 10. b4 Ne6 11. Nxe6 fxe6 12. Ra3 Qc8 13. Qd3 Nf6 14. Nb5 Nd7 15. f4 a5 16. c3 e5 17. f5 Nf6 18. Bg5 0-0 19. Ra2 Qc6 20. Bxf6 Bxf6 21. g4 Bg5 22. Qd5+ Qxd5 23. exd5 Rfc8 24. bxa5 Rxa5 25. f6 Ba6 26. c4 Rxc4 27. fxe7 Bxe7 28. Raf2 Rcxa4 0-1

[Event "TUR-chT"]
[Site "Ankara"]
[Date "2018.07.29"]
[Round "5.1"]
[White "Gledura, Benjamin"]
[Black "Gulden, Egemen"]
[Result "1/2-1/2"]
[WhiteElo "2626"]
[BlackElo "2085"]
[PlyCount "83"]
[EventDate "2018.07.25"]
[EventType "team-tourn"]
[EventRounds "13"]
[EventCountry "TUR"]
[SourceTitle "CBM 185 Extra"]
[Source "ChessBase"]
[SourceDate "2018.07.29"]
[SourceVersion "1"]
[SourceVersionDate "2018.07.29"]
[SourceQuality "1"]
[WhiteTeam "Besiktas Jimnastik"]
[BlackTeam "Tarsus Zeka"]
[WhiteTeamCountry "TUR"]
[BlackTeamCountry "TUR"]

1. Nf3 Nf6 2. c4 g6 3. Nc3 Bg7 4. e4 d6 5. d4 0-0 6. Be2 c5 7. 0-0 Bg4 8. d5 Nfd7 9. Bd2 Na6 10. a3 Nc7 11. Rb1 e6 12. h3 Bxf3 13. Bxf3 exd5 14. exd5 f5 15. b4 b6 16. Qa4 Ne5 17. Be2 f4 18. f3 Ne8 19. Ne4 Rf7 20. Rfe1 Rc8 21. Rbc1 h6 22. Bf1 g5 23. Bc3 h5 24. bxc5 bxc5 25. Qa5 Qe7 26. Qa6 Rb8 27. Be2 g4 28. fxg4 hxg4 29. Bxg4 Nxg4 30. Nf6+ Ngxf6 31. Rxe7 Rxe7 32. Rf1 Nh5 33. Bxg7 Rxg7 34. Qc6 Re7 35. Kh2 Rb2 36. Qc8 Ree2 37. Rf2 Rxf2 38. Qxe8+ Kg7 39. Qd7+ Kg6 40. Qg4+ Kh6 41. Qe6+ Kg5 42. Qg4+ 1/2-1/2

[Event "TUR-chT"]
[Site "Kocaeli"]
[Date "2017.08.04"]
[Round "11.2"]
[White "Topak, Engin"]
[Black "Gulden, Egemen"]
[Result "1-0"]
[WhiteElo "2192"]
[BlackElo "2044"]
[PlyCount "73"]
[EventDate "2017.07.26"]
[EventType "team-tourn"]
[EventRounds "13"]
[EventCountry "TUR"]
[SourceTitle "CBM 179 Extra"]
[Source "ChessBase"]
[SourceDate "2017.08.23"]
[SourceVersion "1"]
[SourceVersionDate "2017.08.23"]
[SourceQuality "1"]
[WhiteTeam "Panelsan Genc"]
[BlackTeam "Mersin Zeka"]
[WhiteTeamCountry "TUR"]
[BlackTeamCountry "TUR"]

1. d4 d5 2. Nf3 Nf6 3. c4 e6 4. g3 b6 5. Bg2 Bb7 6. 0-0 Nbd7 7. Nbd2 Bd6 8. b3 0-0 9. Bb2 Qe7 10. Qc2 c5 11. cxd5 exd5 12. dxc5 bxc5 13. Rfe1 Ne4 14. Nxe4 dxe4 15. Nd2 f5 16. Nc4 Bc7 17. e3 Ba6 18. Red1 Kh8 19. Rac1 Rac8 20. Bf1 Bb7 21. Qc3 Rf6 22. Rd2 f4 23. Rcd1 Nf8 24. Nd6 Bxd6 25. Rxd6 fxg3 26. Rxf6 gxh2+ 27. Kh1 Ng6 28. Rxg6 hxg6 29. Qxg7+ Qxg7 30. Bxg7+ Kxg7 31. Rd7+ Kh6 32. Rxb7 Rf8 33. Bg2 Rxf2 34. Rxa7 Re2 35. Bxe4 Rxe3 36. Bg2 g5 37. Kxh2 1-0

[Event "Paracin Summer op-A 10th"]
[Site "Paracin"]
[Date "2017.07.08"]
[Round "2.35"]
[White "Cerovic, Danilo"]
[Black "Gulden, Egemen"]
[Result "1-0"]
[WhiteElo "2335"]
[BlackElo "2044"]
[PlyCount "57"]
[EventDate "2017.07.07"]
[EventType "swiss"]
[EventRounds "9"]
[EventCountry "SRB"]
[SourceTitle "EXT 2018"]
[Source "ChessBase"]
[SourceDate "2017.10.13"]
[SourceVersion "1"]
[SourceVersionDate "2017.10.13"]
[SourceQuality "1"]

1. e4 e5 2. Nf3 Nc6 3. Bc4 Nf6 4. d3 Be7 5. 0-0 d6 6. a4 h6 7. a5 a6 8. Nbd2 g5 9. c3 g4 10. Ne1 Be6 11. Qb3 Qc8 12. Nc2 h5 13. Ne3 Nd8 14. f4 exf4 15. Rxf4 Rg8 16. Ndf1 h4 17. Bd2 g3 18. hxg3 hxg3 19. Rf3 Nh5 20. Nf5 c6 21. N1e3 Bf8 22. d4 Bxc4 23. Nxc4 Qe6 24. d5 Qg6 25. Re1 Rh8 26. e5 Bg7 27. exd6+ Kf8 28. d7 Nf6 29. Qa3+ 1-0

[Event "TUR Cup"]
[Site "Antalya"]
[Date "2017.02.02"]
[Round "8"]
[White "Gulden, Egemen"]
[Black "Benk, Tolga Tugay"]
[Result "1-0"]
[WhiteElo "2180"]
[BlackElo "1877"]
[PlyCount "65"]
[EventDate "2017.01.28"]
[EventType "swiss"]
[EventRounds "11"]
[EventCountry "TUR"]
[SourceTitle "CBM 176 Extra"]
[Source "ChessBase"]
[SourceDate "2017.03.02"]
[SourceVersion "1"]
[SourceVersionDate "2017.03.02"]
[SourceQuality "1"]

1. d4 Nf6 2. c4 e6 3. a3 c5 4. d5 b5 5. Nc3 bxc4 6. e4 d6 7. Bxc4 Be7 8. Nge2 0-0 9. 0-0 e5 10. h3 Nbd7 11. Qd3 Nb6 12. b3 Ne8 13. g4 Bg5 14. Nd1 g6 15. Qg3 Ng7 16. f4 exf4 17. Bxf4 Bxf4 18. Nxf4 Qe7 19. Nc3 Nd7 20. Nd3 f6 21. Rae1 Ne5 22. Na4 Bd7 23. Naxc5 Bxg4 24. Nxe5 Qxe5 25. Qxe5 fxe5 26. hxg4 dxc5 27. d6+ Kh8 28. d7 h5 29. Rxf8+ Rxf8 30. Rd1 Rd8 31. g5 h4 32. Rd5 Nh5 33. Bb5 1-0